Datum a čas kvízu
19.5
Celkem bodů
Celkový počet nahraných bodů na tomto kvízu bez doplňovacích otázek.
3.
Pořadí na kvízu
Konečné umístění týmu na tomto kvízu.
Zaznamenané odpovědi
| # | Otázka | Odpověď | Body | Výsledky |
|---|---|---|---|---|
| 1. | Minulý týden tisk informoval o... | velomobil | 1 | |
| 2. | Premiérem které země se stal R... | Nizozemska | 0 | |
| 3. | Ve kterém městě v severozápadn... | v Manchesteru | 0 | |
| 4. | V pátek byla oznámena fúze dvo... | Paramount (Skydance), Warner Bros. (Discovery) | 0.5 | |
| 5. | Pokud jste si na olympiádě obl... | Ostrava | 1 | |
| 6. | Název „Pyrenejský poloostrov“... | Iberský poloostrov | 0 | |
| 7. | Vyberte správné tvrzení týkají... | B | 0 | |
| 8. | Červeně vyznačená oblast na se... | Baskicko, Bilbao | 0.5 | |
| 9. | Jak se jmenuje portugalský mys... | C | 0 | |
| 10. | Poslední otázka se týká města... | Porto | 0 |